Ritmo del fuego (Record no. 1274)

MARC details
000 -CABECERA
campo de control de longitud fija 01131nam a2200241 a 4500
001 - NÚMERO DE CONTROL
campo de control BRCA_1412
005 - FECHA Y HORA DE LA ÚLTIMA TRANSACCIÓN
campo de control 20190320203421.0
008 - DATOS DE LONGITUD FIJA--INFORMACIÓN GENERAL
campo de control de longitud fija 040706s2004 ilua---###---#000-0#spa-#
020 ## - NÚMERO INTERNACIONAL ESTÁNDAR DEL LIBRO
Número Internacional Estándar del Libro 0974117102
050 #4 - SIGNATURA TOPOGRÁFICA DE LA BIBLIOTECA DEL CONGRESO
Número de clasificación F1391.C5
Número de documento/Ítem .R58 2004
245 10 - MENCIÓN DE TÍTULO
Título Ritmo del fuego
Resto del título el arte y los artesanos de Santa Clara del Cobre, Michoácan, México = Rhythm of Fire : The Art and Artisans of Santa Clara del Cobre, Michoácan, México
Mención de responsabilidad, etc. editora general Michele Feder-Nadoff ; colaboradores Gonzalo Arroyo Ríos ... [et al.].
260 ## - PUBLICACIÓN, DISTRIBUCIÓN, ETC.
Lugar de publicación, distribución, etc. Chicago, Illinois
Nombre del editor, distribuidor, etc. Cuentos Foundation
Fecha de publicación, distribución, etc. 2004
300 ## - DESCRIPCIÓN FÍSICA
Extensión 595 p.
Otras características físicas il. a color
Dimensiones 20 cm.
500 ## - NOTA GENERAL
Nota general Incluye índice alfabético, glosario y biografías de los colaboradores
504 ## - NOTA DE BIBLIOGRAFÍA, ETC.
Nota de bibliografía, etc. Bibliografía: p. 501-511
610 24 - PUNTO DE ACCESO ADICIONAL DE MATERIA--NOMBRE DE ENTIDAD CORPORATIVA
Nombre de entidad corporativa o nombre de jurisdicción como elemento de entrada Santa Clara del Cobre (Michoácan, México)
Subdivisión general Historia
9 (RLIN) 4611
650 14 - PUNTO DE ACCESO ADICIONAL DE MATERIA--TÉRMINO DE MATERIA
Término de materia o nombre geográfico como elemento de entrada Índigenas
Subdivisión general Trabajo en metal
Subdivisión geográfica Michoácan, México
9 (RLIN) 4612
650 14 - PUNTO DE ACCESO ADICIONAL DE MATERIA--TÉRMINO DE MATERIA
Término de materia o nombre geográfico como elemento de entrada Trabajo en cobre
9 (RLIN) 4505
700 1# - PUNTO DE ACCESO ADICIONAL--NOMBRE DE PERSONA
Nombre de persona Feder-Nadoff, Michele
9 (RLIN) 4613
700 1# - PUNTO DE ACCESO ADICIONAL--NOMBRE DE PERSONA
Nombre de persona Arroyo Ríos, Gonzalo
9 (RLIN) 4614
740 0# - PUNTO DE ACCESO ADICIONAL--TÍTULO RELACIONADO O ANALÍTICO NO CONTROLADO
Título relacionado o analítico no controlado Rhythm of Fire : The Art and Artisans of Santa Clara del Cobre, Michoácan, México
942 ## - ELEMENTOS DE PUNTO DE ACCESO ADICIONAL (KOHA)
Fuente del sistema de clasificación o colocación Library of Congress Classification
Tipo de ítem Koha Libros
Holdings
Estado de retiro Estado de pérdida Estado dañado No para préstamo Localización permanente Ubicación/localización actual Fecha de adquisición Total de préstamos Signatura topográfica completa Código de barras Fecha visto por última vez Precio válido a partir de Tipo de ítem Koha
El ejemplar forma parte de la colección y puede ser consultado según las políticas vigentes.       Biblioteca del Museo Franz Mayer (Rogerio Casas-Alatriste) Biblioteca del Museo Franz Mayer (Rogerio Casas-Alatriste) 26/06/2008   F1391.C5 .R58 2004 01938 22/03/2019 22/03/2019 Libros